Analýza existenčných podmienok staršieho obyvateľstva v ČSSR kandidátska dizertačná práca

Enregistré dans:
Détails bibliographiques
Auteur principal: Lohyňová, Erika
Collectivité auteur: Vysoká škola ekonomická v Bratislave. Fakulta riadenia
Autres auteurs: Kozíková, Emília
Format: Livre
Langue:slovaque
Publié: Bratislava 1986
Tags: Ajouter un tag
Pas de tags, Soyez le premier à ajouter un tag!

MARC

LEADER 00000nam a2200000 4500
001 c031821
005 20221219100359.1
041 0 |a slo 
044 |a SK 
245 1 0 |a Analýza existenčných podmienok staršieho obyvateľstva v ČSSR  |b kandidátska dizertačná práca  |c Erika Lohyňová ; Ved. práce Emília Kozíková 
264 1 |a Bratislava  |c 1986 
300 |a 148 s. 
100 1 |a Lohyňová, Erika 
700 1 |a Kozíková, Emília 
710 2 |a Vysoká škola ekonomická v Bratislave. Fakulta riadenia